[Event "17th Asian Cities"]
[Site "Jakarta INA"]
[Date "2011.04.22"]
[Round "1.4"]
[White "Tan,Tze Lin Tommy"]
[Black "Mahjoob,M"]
[Result "0-1"]
[WhiteElo "1704"]
[BlackElo "2487"]

1.d4 Nf6 2.Bg5 Ne4 3.h4 h6 4.Bf4 Nc6 5.e3 d5 6.c4 e5 7.Bxe5 Bb4+ 8.Ke2 Bg4+
9.Nf3 dxc4 10.Bf4 Qe7 11.a3 Ba5 12.g3 O-O-O 13.d5 Nf6 14.Bh3 Bxh3 15.Rxh3 Rxd5
16.Qc2 Qe6 17.Rh1 Qg4 18.Rd1 Rxd1 19.Qxd1 g5 20.hxg5 hxg5 21.Qg1 gxf4 22.gxf4 Nd4+
23.exd4 Re8+ 24.Kd1 Qxf3+ 25.Kc1 Re1+ 26.Qxe1 Bxe1 27.Nd2 Bxd2+ 28.Kxd2 Ne4+
29.Kc2 Qd3+ 30.Kc1 Nxf2 31.b4 c3  0-1

[Event "Spring Cup LCC 2011"]
[Site "Lviv UKR"]
[Date "2011.05.01"]
[Round "9.4"]
[White "Khrinovskyi,Oleksiy"]
[Black "Guivan,V"]
[Result "0-1"]
[WhiteElo "2106"]
[BlackElo "2168"]

1.d4 Nf6 2.Bg5 Ne4 3.Bf4 d5 4.f3 Nf6 5.e3 e6 6.Bd3 c5 7.c3 Nc6 8.Ne2 Nh5
9.Bg3 f5 10.f4 Be7 11.Nd2 O-O 12.Nf3 c4 13.Bc2 b5 14.a3 a5 15.O-O Bb7 16.Qe1 b4
17.Bh4 b3 18.Bd1 Bxh4 19.Qxh4 Qxh4 20.Nxh4 Nf6 21.Ng3 Nd7 22.Nf3 Nb6 23.Ne5 Nxe5
24.dxe5 Na4 25.Rb1 Bc6 26.Bf3 Rac8 27.Ne2 g5 28.g4 fxg4 29.Bxg4 Nc5 30.Nd4 Ba4
31.Rf2 Kh8 32.Rbf1 gxf4 33.exf4 Rce8 34.Be2 Re7 35.Rg2 Be8 36.f5 exf5 37.Nxf5 Rxe5
38.Nh6 Rxf1+ 39.Bxf1 Bg6 40.Ng4 Re1 41.Kf2 Rb1 42.Be2 Rxb2 43.Ke3 Bd3 44.Kd4 Rxe2  0-1

[Event "29th Metz Open A"]
[Site "Longeville-les-Metz FRA"]
[Date "2011.05.03"]
[Round "2.12"]
[White "Grosdemange,D"]
[Black "Mikhalevski,V"]
[Result "0-1"]
[WhiteElo "2037"]
[BlackElo "2577"]

1.d4 Nf6 2.Bg5 Ne4 3.Bf4 c5 4.f3 Qa5+ 5.c3 Nf6 6.Nd2 cxd4 7.Nb3 Qf5 8.Qxd4 Nc6
9.Qd2 e5 10.Bg5 Be7 11.g4 Qe6 12.e4 h5 13.Bxf6 Qxf6 14.O-O-O hxg4 15.fxg4 d6
16.Be2 Qg6 17.Qd3 Bxg4 18.Bxg4 Qxg4 19.Ne2 O-O-O 20.Rdg1 Qe6 21.Rxg7 Qh6+  0-1

[Event "7th Mukachevo Rating"]
[Site "Mukachevo UKR"]
[Date "2011.05.06"]
[Round "2"]
[White "Barayev,A"]
[Black "Oros,R"]
[Result "1/2-1/2"]
[WhiteElo "2179"]
[BlackElo "2305"]

1.d4 Nf6 2.Bg5 Ne4 3.Bf4 c5 4.f3 Nf6 5.d5 Qb6 6.Bc1 d6 7.e4 g6 8.c4 Bg7 9.Nc3 Nbd7
10.Qc2 O-O 11.Bg5 Re8 12.O-O-O a6 13.h3 Rb8 14.Bd2 Qc7 15.f4 Nh5 16.Nge2 b5
17.g4 Nhf6 18.Ng3 bxc4 19.g5 Nh5 20.Nxh5 gxh5 21.e5 dxe5 22.f5 e4 23.d6 Qxd6
24.Nxe4 Qe5 25.Bc3 Qxf5 26.Bxg7 Kxg7 27.Bxc4 Ne5 28.Rhf1 Qg6 29.Qc3 Qxe4
30.Bd5 Qe2 31.Rde1 Qxb2+ 32.Qxb2 Rxb2 33.Rxe5 Rh2 34.Rxf7+ Kg6 35.Rf4 e6
36.Be4+ Kg7 37.Rxc5 Bd7 38.Rc7 Rc8 39.Rxc8 Bxc8 40.Bc2 e5 41.Rc4 Be6 42.Rc7+ Bf7
43.Bb3 Rf2 44.h4 Kf8  1/2-1/2

[Event "29th Metz Open A"]
[Site "Longeville-les-Metz FRA"]
[Date "2011.05.07"]
[Round "8.14"]
[White "Grosdemange,D"]
[Black "Migot,T"]
[Result "0-1"]
[WhiteElo "2037"]
[BlackElo "2272"]

1.d4 Nf6 2.Bg5 Ne4 3.Bf4 c5 4.f3 Qa5+ 5.c3 Nf6 6.Nd2 cxd4 7.Nb3 Qd8 8.cxd4 d5
9.e3 Nc6 10.Ne2 e6 11.g4 Bb4+ 12.Kf2 O-O 13.h4 Nd7 14.a3 Be7 15.Bg3 e5 16.dxe5 Ndxe5
17.Nf4 Be6 18.Be2 Nc4 19.Nxe6 fxe6 20.Bxc4 dxc4 21.Nd4 Qd5 22.Nf5 Bf6 23.Qxd5 exd5
24.Rab1 d4 25.Bf4 Rad8 26.exd4 Nxd4 27.Nxd4 Bxd4+ 28.Be3 Bxe3+ 29.Kxe3 Rd3+
30.Ke4 Rdxf3 31.Rhg1 b5 32.Kd4 Rc8 33.h5 Rd3+ 34.Ke4 Re8+ 35.Kf4 Re2 36.Rgc1 Rf2+
37.Ke5 Re2+ 38.Kf4 h6 39.a4 Rf2+ 40.Ke5 Re2+ 41.Kf4 a6 42.axb5 axb5 43.Rc3 Rd4+
44.Kf3 Ree4 45.Rd1 Rxg4 46.b3 Rgf4+ 47.Kg3 Rxd1 48.Kxf4 cxb3 49.Rxb3 Rd5
50.Kg4 Rg5+ 51.Kh4  0-1

[Event "Ostravsky Konik A"]
[Site "Ostrava CZE"]
[Date "2011.05.07"]
[Round "8.37"]
[White "Mohyla,A"]
[Black "Snyta,Z"]
[Result "0-1"]
[WhiteElo "2014"]
[BlackElo "2093"]

1.d4 Nf6 2.Bg5 Ne4 3.Bh4 d5 4.f3 Nf6 5.Nd2 Bf5 6.e3 c6 7.Bd3 Bxd3 8.cxd3 Qb6
9.Qc2 Nbd7 10.Ne2 e6 11.O-O Be7 12.Bf2 O-O 13.e4 Rfc8 14.e5 Ne8 15.Nb3 Qa6
16.f4 b6 17.Rfc1 Rc7 18.Qd1 Rac8 19.a3 g6 20.g4 c5 21.Kg2 c4 22.Nd2 b5 23.Nf3 Qb7
24.Bh4 Bf8 25.f5 exf5 26.gxf5 Ng7 27.Ng3 gxf5 28.Bg5 Rc6 29.dxc4 dxc4 30.Qd2 Rg6
31.Kf2 f6 32.Be3 fxe5 33.dxe5 Nc5 34.Rc3 Rxg3 35.Bxc5 Rxf3+ 36.Rxf3 Bxc5+
37.Kg2 Kh8 38.Rf1 Rg8 39.Kh3 Qe4 40.Qf4 Qxf4 41.Rxf4 Be3 42.Rh4 Re8 43.Rd1 Rxe5
44.Rd8+ Re8 45.Rxe8+ Nxe8 46.Kg3 Kg7 47.Kf3 Bc5 48.Kf4 Kg6 49.Ke5 Nf6 50.Ke6 Nh5
51.Ke5 Bb6 52.Rh3 Bc7+ 53.Kd4 Nf4 54.Rg3+ Kf6 55.Rg8 Bb6+ 56.Kc3 Bc5 57.Rc8 Nd5+
58.Kc2 Be3 59.Rb8 Bb6 60.Rh8 Kg7 61.Re8 Ne3+ 62.Kd2 Nf1+ 63.Ke2 Nxh2 64.Re5 f4  0-1

[Event "64th Otwarte Open A"]
[Site "Warsaw POL"]
[Date "2011.05.07"]
[Round "1.7"]
[White "Sielicki,T"]
[Black "Przedmojski,R"]
[Result "0-1"]
[WhiteElo "2026"]
[BlackElo "2370"]

1.d4 Nf6 2.Bg5 Ne4 3.h4 h6 4.Bf4 d5 5.Nd2 Bf5 6.e3 e6 7.Nxe4 Bxe4 8.Nf3 Be7
9.Ne5 Nd7 10.Qg4 Bf6 11.Be2 c5 12.c3 Bxe5 13.Bxe5 Qb6 14.b3 Nxe5 15.dxe5 O-O
16.f3 Bf5 17.Qf4 f6 18.O-O Qc7 19.exf6 Qxf4 20.exf4 gxf6 21.Rfe1 Kf7 22.Kf2 Rad8
23.Rad1 Rd6 24.Bd3 Bxd3 25.Rxd3 b5 26.Red1 Rfd8 27.R3d2 Ke7 28.Ke3 a5 29.g3 Rb8
30.f5 b4 31.cxb4 axb4 32.a4 Rbd8 33.fxe6 Rxe6+ 34.Kf2 Red6 35.Rc1 Rc8 36.Rcd1 Ke6
37.Re1+ Kd7 38.Red1 Kc6 39.Ke3 Re8+ 40.Kf4 Re5 41.Rc1 d4 42.g4 Re3 43.Rxd4 Rxb3
44.Rdc4 Rd5 45.Re4 Rdd3 46.Kf5 Rbc3 47.Rxc3 Rxc3 48.Re6+ Kc7 49.Re7+ Kb6
50.Kxf6 b3 51.g5 Rxf3+ 52.Kg6 hxg5 53.Kxg5 b2 54.Re8 Ka7 55.Re1 c4 56.h5 c3  0-1

[Event "ch-UKR semi-final"]
[Site "Alushta UKR"]
[Date "2011.05.09"]
[Round "7.11"]
[White "Rakhmangulov,A"]
[Black "Tukhaev,A"]
[Result "1/2-1/2"]
[WhiteElo "2395"]
[BlackElo "2547"]

1.d4 Nf6 2.Bg5 Ne4 3.h4 d5 4.Nd2 Bf5 5.Nxe4 Bxe4 6.e3 c5 7.c3 Nc6 8.h5 h6
9.Bf4 Qb6 10.Qb3 c4 11.Qxb6 axb6 12.f3 Bh7 13.a3 b5 14.Rd1 f6 15.Bg3 O-O-O
16.Kf2 e5 17.Ne2 Bf5 18.Bh4 Rd7 19.g3 Bd6 20.Bh3 Bxh3 21.Rxh3 e4 22.f4 f5
23.Rg1 Rf8 24.g4 fxg4 25.Rxg4 Rf5 26.Rh1 Kc7 27.Rhg1 Rff7 28.Ke1 Kb6 29.Rg6 Ka5
30.Kd2 Ka4 31.Kc2 Be7 32.Bxe7 Nxe7 33.Rxg7 Nf5 34.Rxf7 Rxf7 35.Kd2 Kb3 36.Rg6 Kxb2
37.Rb6 Kxa3 38.Rxb5 Rd7 39.Ra5+ Kb2 40.Rb5+ Ka3 41.Ra5+ Kb2  1/2-1/2

[Event "Sten Open"]
[Site "Hradec Kralove CZE"]
[Date "2011.05.11"]
[Round "4"]
[White "Horyna,J"]
[Black "Rojikova,Lenka"]
[Result "0-1"]
[WhiteElo "1886"]
[BlackElo "1724"]

1.d4 Nf6 2.Bg5 Ne4 3.Bh4 d5 4.f3 Nd6 5.Nd2 g6 6.e3 Bg7 7.Bd3 Nd7 8.Ne2 c5
9.c3 c4 10.Bc2 Nf6 11.O-O Bh6 12.Bf2 O-O 13.Ng3 Re8 14.e4 e5 15.dxe5 Rxe5
16.Bd4 Re8 17.e5 Nb5 18.exf6 Nxd4 19.cxd4 Be3+ 20.Kh1 Bxd4 21.Rb1 Qxf6 22.Ba4 Re7
23.Re1 Be6 24.Re2 a6 25.Ndf1 h5 26.Ne3 h4 27.Ngf1 h3 28.Ng3 hxg2+ 29.Kxg2 Bxe3
30.Rxe3 b5 31.Bc2 Bh3+ 32.Kf2 Qb6 33.Qd2 Rd8 34.Re1 f5 35.f4 g5 36.Bxf5 gxf4
37.Bxh3 fxe3+ 38.Rxe3 Qxe3+ 39.Qxe3 Rxe3 40.Kxe3 d4+ 41.Kd2 Kf7 42.Bg4 Kf6
43.h3 b4 44.Ne4+ Ke5 45.Nc5 a5 46.Nd7+ Kf4 47.Nf6 c3+ 48.bxc3 dxc3+ 49.Kc1 Rd2
50.Kb1 Rg2 51.Nd5+ Ke4 52.Ne7 Ke3 53.Nc6 Kd2  0-1

[Event "ch-Euro Indiv Women"]
[Site "Tbilisi GEO"]
[Date "2011.05.15"]
[Round "8"]
[White "Muzychuk,M"]
[Black "Kochetkova,J"]
[Result "1-0"]
[WhiteElo "2473"]
[BlackElo "2341"]

1.d4 Nf6 2.Bg5 Ne4 3.Bf4 d5 4.f3 Nf6 5.e4 dxe4 6.Nc3 e3 7.Bxe3 g6 8.Qd2 Bg7
9.O-O-O h5 10.Bd3 c6 11.Nge2 Nd5 12.Nxd5 cxd5 13.h3 Nc6 14.Kb1 Qb6 15.c3 Na5
16.g4 h4 17.Rhe1 Bd7 18.Bg5 Bf6 19.Bxf6 Qxf6 20.Nf4 Bc6 21.Re5 O-O-O 22.Rde1 e6
23.g5 Qe7 24.b4 Nc4 25.Bxc4 dxc4 26.Qe3 Qc7 27.d5 Bxd5 28.Qxa7 b6 29.Qxc7+ Kxc7
30.Nxd5+ exd5 31.f4 Rd7 32.f5 Rf8 33.f6 Rfd8 34.Re7 Kd6 35.a4 d4 36.cxd4 Kd5
37.Kc2 Rd6 38.Kc3  1-0

[Event "20th Croatian Cup"]
[Site "Sibenik CRO"]
[Date "2011.05.19"]
[Round "2.73"]
[White "Bonaca,D"]
[Black "Florjan,M"]
[Result "1-0"]
[WhiteElo "1944"]
[BlackElo "2011"]

1.d4 Nf6 2.Bg5 Ne4 3.Bh4 c5 4.f3 Qa5+ 5.c3 Nd6 6.e3 Nf5 7.Bf2 cxd4 8.b4 Qc7
9.exd4 d5 10.Bd3 g6 11.Qb3 Be6 12.Ne2 Bh6 13.Bxf5 gxf5 14.a4 Nd7 15.a5 Rg8
16.O-O Rg6 17.Na3 a6 18.Rad1 Kf8 19.Nc2 Nf6 20.Ne1 Nh5 21.Nd3 Bf4 22.Nexf4 Nxf4
23.Ne5 Rh6 24.Be3 Ne2+ 25.Kf2 f4 26.Bd2 Bd7 27.Nxd7+ Qxd7 28.Kxe2 Rxh2 29.Kf2 Qh3
30.Rg1 Qg3+ 31.Kf1 Rd8 32.Be1 Qg5 33.b5 Rd6 34.bxa6 Rxa6 35.c4 dxc4 36.Qxb7 Re6
37.a6 Qh5 38.a7 Rh1 39.a8=Q+ Kg7 40.Qbc8 Qh2 41.Qh8+ Kg6 42.Qag8+ Kf5 43.Qg4+  1-0

[Event "20th Croatian Cup"]
[Site "Sibenik CRO"]
[Date "2011.05.20"]
[Round "4.93"]
[White "Vlaic,B"]
[Black "Dulic,G"]
[Result "1-0"]
[WhiteElo "2265"]
[BlackElo "2246"]

1.d4 Nf6 2.Bg5 Ne4 3.Bf4 c5 4.f3 Nf6 5.d5 d6 6.e4 g6 7.Qd2 h5 8.c4 e6 9.Nc3 exd5
10.exd5 Qe7+ 11.Kf2 Kd8 12.Bg5 Kc7 13.Qf4 Bf5 14.Nb5+ Kb6 15.Qxd6+ Qxd6 16.Nxd6 Bxd6
17.Bxf6 Re8 18.g3 Nd7 19.Bc3 Ne5 20.Rd1 Re7 21.h3 g5 22.h4 gxh4 23.Rxh4 Bg6
24.Nh3 Rae8 25.Nf4 Bc2 26.Re1 Ng6 27.Rxe7 Rxe7 28.Nxg6 fxg6 29.f4 Bf5 30.Be2 Kc7
31.Rh1 Be4 32.Bf3 Bd3 33.b3 Kd7 34.Rd1 Bc2 35.Rd2 Bb1 36.Bf6 Re8 37.Be2 Rf8
38.Bg5 Be7 39.Bxe7 Kxe7 40.Bd3 Bxd3 41.Rxd3 h4 42.Re3+ Kd7 43.Kg2 hxg3 44.Kxg3 Rh8
45.Re6 Rh1 46.Re2 Rg1+ 47.Kf3 a5 48.Rg2 Rf1+ 49.Ke4 Re1+ 50.Kd3 Rd1+ 51.Kc3 Rf1
52.Rxg6 Rxf4 53.Rg7+ Kc8 54.Rg2 Rf3+ 55.Kb2 b6 56.Rg7 a4 57.Ka3 axb3 58.axb3 Rd3
59.Ka4 Kb8 60.Kb5 Rxb3+ 61.Kc6 Rb4 62.d6 Rxc4 63.d7 Rd4 64.Rg8+  1-0

[Event "TCh-UKR Clubs 2011"]
[Site "Alushta UKR"]
[Date "2011.05.21"]
[Round "9.2"]
[White "Mikhaletz,L"]
[Black "Moiseenko,A1"]
[Result "0-1"]
[WhiteElo "2467"]
[BlackElo "2679"]

1.d4 Nf6 2.Bg5 Ne4 3.Bh4 d5 4.f3 Nd6 5.Nc3 Nf5 6.Bf2 c5 7.dxc5 d4 8.e4 dxc3
9.Qxd8+ Kxd8 10.O-O-O+ Ke8 11.exf5 cxb2+ 12.Kxb2 Bxf5 13.Ne2 Nc6 14.Nd4 Bd7
15.Nb5 Rc8 16.Bg3 g6 17.Bc4 Bg7+ 18.c3 Na5 19.Bxf7+ Kxf7 20.Rxd7 Rxc5 21.a4 Rhc8
22.Rhd1 Rxb5+ 23.axb5 Rxc3 24.Kb1 Rb3+ 25.Kc2 Rb2+ 26.Kd3 Rxb5 27.Rc7 Nc6
28.Ke2 a5 29.Rdd7 a4 30.Bd6 Ke6 31.Bxe7 Be5 32.Rxb7 Rxb7 33.Rxb7 Nxe7 34.Ra7 Nd5
35.Kd3 Nb6 36.Rxh7 Kd5 37.h4 Nc4 38.Ra7 a3 39.Ra8 Bf6 40.g3 Be7 41.f4 Bb4
42.Rd8+ Bd6 43.Ra8 Bb4 44.Rd8+ Nd6 45.Rg8 Nb5 46.Ra8 Nc7 47.Rd8+ Bd6 48.Kc3 Nb5+
49.Kb3 Nd4+ 50.Ka2 Nf5 51.Rg8 Ne7 52.Rh8 Kc4 53.h5 gxh5 54.Rxh5 Nd5 55.Rh7 Nc3+
56.Ka1 Kb3 57.Rb7+ Kc2 58.Ra7 Bc5 59.Ra8 Bd4 60.Rxa3 Ne2+  0-1

[Event "Serbian Cup 2011"]
[Site "Valjevo SRB"]
[Date "2011.05.21"]
[Round "6.4"]
[White "Popovic,Milo2"]
[Black "Solomunovic,I"]
[Result "0-1"]
[WhiteElo "2395"]
[BlackElo "2383"]

1.d4 Nf6 2.Bg5 Ne4 3.Bf4 d5 4.e3 c6 5.Bd3 Qb6 6.Bxe4 Qxb2 7.Nd2 dxe4 8.Ne2 Nd7
9.Nxe4 g6 10.O-O Bg7 11.Qd3 Qb4 12.Bc7 b6 13.Rab1 Qa5 14.Nd6+ exd6 15.Qe4+ Ne5
16.Bxd6 Bf5 17.Qh4 g5 18.Qxg5 Ng6 19.Bb4 h6 20.Qg3 Qd5 21.e4 Qxe4 22.Nc3 Qf4
23.Rfe1+ Kd8 24.Qxf4 Nxf4  0-1

[Event "Serbian Cup 2011"]
[Site "Valjevo SRB"]
[Date "2011.05.21"]
[Round "6.1"]
[White "Lajthajm,B"]
[Black "Brenjo,S"]
[Result "1/2-1/2"]
[WhiteElo "2475"]
[BlackElo "2521"]

1.d4 Nf6 2.Bg5 Ne4 3.Bf4 c5 4.f3 Qa5+ 5.c3 Nf6 6.Nd2 cxd4 7.Nb3 Qb6 8.Qxd4 Nc6
9.Qxb6 axb6 10.Nd4 e5 11.Nxc6 dxc6 12.Bxe5 Be6 13.a3 Nd7 14.Bd4 Nc5 15.e4 O-O-O
16.g3 f5 17.exf5 Bxf5 18.Rd1 Na4 19.Rd2 b5 20.b4 b6 21.Bh3 Bxh3 22.Nxh3 c5
23.Be5 Rxd2 24.Kxd2 Nb2 25.f4 Nc4+ 26.Kd3 Bd6 27.Bxd6 Rd8 28.Ng5 Rxd6+ 29.Ke4 Nd2+
30.Ke5 Nc4+ 31.Ke4 Nd2+ 32.Ke5 Nc4+  1/2-1/2

[Event "63rd ch-MNE"]
[Site "Tivat MNE"]
[Date "2011.05.23"]
[Round "3.11"]
[White "Vujacic,I"]
[Black "Lekic,L"]
[Result "0-1"]
[WhiteElo "2194"]
[BlackElo "1951"]

1.d4 Nf6 2.Bg5 Ne4 3.Bh4 d5 4.f3 Nf6 5.Nc3 Bf5 6.e3 Nc6 7.Bd3 Bxd3 8.Qxd3 e6
9.O-O-O Be7 10.g4 Nb4 11.Qe2 c5 12.Qb5+ Qd7 13.Qxd7+ Nxd7 14.Bg3 cxd4 15.exd4 Nb6
16.f4 h5 17.g5 Nc4 18.a3 Nc6 19.Nf3 Ne3 20.Rd2 Nf5 21.Re1 h4 22.Bf2 Bd6 23.Ne5 f6
24.Ng6 Rh7 25.gxf6 gxf6 26.Rxe6+ Kf7 27.Rxd6 Nxd6 28.Nxh4 Rh5 29.Bg3 Re8
30.b3 Re3 31.Nd1 Re4 32.c3 Ne7 33.Nf2 Re3 34.Nd1 Re4 35.Nf2 Re1+ 36.Kc2 Nef5
37.Nd3 Rh1 38.Rd1 Ne4  0-1

[Event "Nis Open 2011"]
[Site "Nis SRB"]
[Date "2011.05.24"]
[Round "1.10"]
[White "Livaja,M"]
[Black "Stojanovic,Ivan M"]
[Result "1-0"]
[WhiteElo "2252"]
[BlackElo "1879"]

1.d4 Nf6 2.Bg5 Ne4 3.Bf4 c5 4.d5 Qb6 5.Qc1 g5 6.Bg3 Bg7 7.c3 h6 8.Nd2 Nxd2
9.Qxd2 d6 10.e4 Nd7 11.Nf3 Qc7 12.Be2 a6 13.O-O b5 14.h4 g4 15.Ne1 Nf6 16.Qe3 Bd7
17.e5 Nxd5 18.Qe4 Qc6 19.exd6 f5 20.Qd3 exd6 21.Rd1 Be6 22.Bxg4 Nf6 23.Bxf5 Bxf5
24.Qxf5 d5 25.Qg6+ Kf8 26.Nd3 c4 27.Nb4 Qb7 28.Rfe1 a5 29.Bd6+ Kg8 30.Re7  1-0

[Event "Orlova WGM"]
[Site "Orlova CZE"]
[Date "2011.05.24"]
[Round "4.5"]
[White "Bhakti,K"]
[Black "Jaracz,B"]
[Result "1-0"]
[WhiteElo "2333"]
[BlackElo "2275"]

1.d4 Nf6 2.Bg5 Ne4 3.Bf4 d5 4.e3 e6 5.Bd3 Bd6 6.Bg3 O-O 7.Bxe4 dxe4 8.Nd2 f5
9.Nc4 Nc6 10.Ne2 Ne7 11.O-O Nd5 12.Nxd6 cxd6 13.c4 Nb4 14.Qb3 Nd3 15.f3 Qg5
16.Nf4 Nxf4 17.Bxf4 Qe7 18.fxe4 fxe4 19.Qb4 Rd8 20.c5 dxc5 21.dxc5 b6 22.Qxe4 Ba6
23.Bd6 Qd7 24.Rf4 bxc5 25.Bxc5 Bb7 26.Qe5 Qd5 27.Qxd5 Rxd5 28.b4 Rd2 29.Rf2 Rxf2
30.Kxf2 a5 31.b5 Rd8 32.Ke2 a4 33.g3 Rd5 34.Rc1 Rh5 35.h4 g5 36.hxg5 Rh2+
37.Kd3 Rxa2 38.Rf1 Rb2 39.Rf8+ Kg7 40.Bd4+ Kxf8 41.Bxb2 Ke7 42.Kc4 Bd5+ 43.Kc5 Kd7
44.Kb6 Kc8 45.Ka7 Be4 46.Ba3 Bd5 47.Kb6 Be4 48.Kc5 Kb7 49.Bb2 Bd5 50.Kb4 Bb3
51.Bd4 Bc2 52.Bc5 Bb3 53.Kc3 Bd5 54.Kd4 a3 55.Bxa3 Kb6 56.e4 Bb3 57.Ke5 Kxb5
58.Kf6 Bc2 59.e5 Bb3 60.g4 Kc6 61.g6 hxg6 62.Kxg6 Kd7 63.Kf7 Bd1 64.g5 Bh5+
65.g6 Kd8 66.Kf6 Ke8 67.Bb4  1-0

[Event "XXX Zalakaros Open"]
[Site "Zalakaros HUN"]
[Date "2011.05.25"]
[Round "6"]
[White "Hrbolka,L sr"]
[Black "Majeric,Z"]
[Result "1-0"]
[WhiteElo "2111"]
[BlackElo "2277"]

1.d4 Nf6 2.Bg5 Ne4 3.Bf4 e6 4.f3 Bd6 5.Bxd6 Nxd6 6.e4 O-O 7.Bd3 f5 8.Nc3 Nc6
9.Nge2 fxe4 10.Nxe4 Nxe4 11.Bxe4 d5 12.Bd3 e5 13.dxe5 Qh4+ 14.g3 Qb4+ 15.c3 Qxb2
16.f4 h6 17.Qc1 Qb6 18.Rb1 Qa5 19.O-O Qc5+ 20.Kg2 a6 21.Qd2 Kh8 22.Bc2 b5
23.Nd4 Nxd4 24.cxd4 Qe7 25.f5 Qf7 26.Rf4 c5 27.Rbf1 cxd4 28.Rh4 d3 29.Bxd3 Bb7
30.f6 Kg8 31.Rg4  1-0

[Event "XX Guillermo Garcia Mem Elite"]
[Site "Santa Clara CUB"]
[Date "2011.05.26"]
[Round "4.1"]
[White "Otero Acosta,D"]
[Black "Espinosa Veloz,E"]
[Result "1/2-1/2"]
[WhiteElo "2440"]
[BlackElo "2467"]

1.d4 Nf6 2.Bg5 Ne4 3.Bf4 c5 4.f3 Qa5+ 5.c3 Nf6 6.Nd2 cxd4 7.Nb3 Qb6 8.Qxd4 Nc6
9.Qxb6 axb6 10.e4 d5 11.Bb5 dxe4 12.O-O-O Rxa2 13.fxe4 Nxe4 14.Nf3 f6 15.Kb1 Ra8
16.Nbd4 Bd7 17.Rhe1 Nc5 18.b4 g5 19.Bg3 g4 20.bxc5 gxf3 21.Nxc6 bxc6 22.Rxd7 cxb5
23.Rb7 bxc5 24.gxf3 b4 25.cxb4 cxb4 26.Bd6 e5 27.Bxf8 Kxf8 28.Rc1 Rg8 29.Rxh7 Rg7
30.Rh8+ Rg8 31.Rh7 Rg7 32.Rh8+ Rg8 33.Rh7  1/2-1/2

[Event "e2e4 Sunningdale Open"]
[Site "Ascot ENG"]
[Date "2011.05.27"]
[Round "1"]
[White "Svensen,T"]
[Black "Shamash,M"]
[Result "1-0"]
[WhiteElo "2102"]
[BlackElo "1750"]

1.d4 Nf6 2.Bg5 Ne4 3.Bf4 d5 4.e3 Nd7 5.Bd3 Ndf6 6.f3 Nd6 7.Nc3 Bf5 8.Nge2 e6
9.O-O Bxd3 10.Qxd3 Nh5 11.Be5 Nc4 12.b3 Nxe5 13.dxe5 g6 14.Qb5+ c6 15.Qxb7 Qc8
16.Qxc8+ Rxc8 17.Na4 c5 18.c4 Bh6 19.f4 Bf8 20.cxd5 exd5 21.Nac3 Rd8 22.Rad1 d4
23.exd4 cxd4 24.Nb5 d3 25.g4 Ng7 26.Nc7+ Kd7 27.Nd5 Kc6 28.Nec3 Bc5+ 29.Kg2 Rxd5
30.Nxd5 Kxd5 31.Rxd3+ Ke6 32.Rc1 Bb6 33.Kf3 h5 34.h3 hxg4+ 35.hxg4 Rh3+ 36.Ke4 Rxd3
37.Kxd3 Kd7 38.Ke4 Ke6 39.Rc6+ Kd7 40.Rd6+ Ke7 41.f5 gxf5+ 42.gxf5 Ne8 43.Rh6 Nc7
44.a4 Ne8 45.b4 Bf2 46.Rh8 Kd7 47.Rh7 Ke7 48.b5 Bb6 49.Kd5 Nc7+ 50.Kc6 Ba5
51.e6 Nxe6 52.fxe6 Kxe6 53.Rh6+ Ke5 54.Kb7 Bb6 55.Rxb6 axb6 56.Kxb6 f5 57.a5 f4
58.a6 f3 59.a7 f2 60.a8=Q f1=Q 61.Qc6 Qa1 62.Kb7 Qa2 63.b6 Qb3 64.Kb8 Qg8+
65.Qc8 Qd5 66.Qe8+ Kf6 67.Kc7 Qa5 68.Qc6+ Ke7 69.Qd6+ Ke8 70.Kb8 Qa6 71.Qc7 Qb5
72.Ka8 Qa5+ 73.Qa7 Qd5+ 74.b7 Kd7 75.Qa3 Kc7 76.Qe7+  1-0

[Event "TCh-FRA Top 12 2011"]
[Site "Mulhouse FRA"]
[Date "2011.05.27"]
[Round "2.4"]
[White "Paci,C"]
[Black "Delchev,A"]
[Result "1/2-1/2"]
[WhiteElo "2389"]
[BlackElo "2619"]

1.d4 Nf6 2.Bg5 Ne4 3.Bf4 c5 4.f3 Qa5+ 5.c3 Nf6 6.Nd2 cxd4 7.Nb3 Qf5 8.Bxb8 Rxb8
9.Qxd4 b6 10.e4 Qf4 11.Nh3 Qc7 12.e5 Ng8 13.Ng5 f6 14.exf6 gxf6 15.Ne4 Qe5
16.O-O-O Qxd4 17.Nxd4 Kf7 18.Nb5 a6 19.Bc4+ Kg6 20.Na7 Bb7 21.Rxd7 f5 22.Ng3 Nf6
23.Rc7 Ne8 24.Rd7 Nf6 25.Rc7 Ne8 26.Rd7  1/2-1/2

[Event "e2e4 Sunningdale Open"]
[Site "Ascot ENG"]
[Date "2011.05.28"]
[Round "3"]
[White "Shepley,J"]
[Black "Haria,R"]
[Result "1/2-1/2"]
[WhiteElo "2027"]
[BlackElo "2052"]

1.d4 Nf6 2.Bg5 Ne4 3.Bf4 c5 4.f3 Qa5+ 5.c3 Nf6 6.Nd2 cxd4 7.Nb3 Qd8 8.Qxd4 Nc6
9.Qd2 d5 10.Bg5 e6 11.e4 dxe4 12.Qxd8+ Nxd8 13.Bxf6 gxf6 14.fxe4 Nc6 15.Nf3 Bd6
16.Rd1 Ke7 17.Be2 Bd7 18.O-O Rad8 19.Ne1 Ne5 20.Nd3 Bc6 21.Nxe5 Bxe5 22.Bf3 b6
23.Nd4 Bb7 24.g3 h5 25.Kf2 h4 26.Rh1 hxg3+ 27.hxg3 Rxh1 28.Bxh1 Rh8 29.Bg2 Rg8
30.Rd3 Rg4 31.Re3 Kf8 32.Nb5 a6 33.Nd4 Bd6 34.e5 fxe5 35.Nxe6+ fxe6 36.Bxb7 Bc5
37.Kf3 Rg7 38.Rxe5 Rxb7 39.Rxe6 Rf7+ 40.Ke4 Rf2 41.b4 Re2+ 42.Kd5 Rd2+ 43.Kc6 Bf2
44.a4 Rc2 45.Kb7 Kf7 46.Re4 a5 47.bxa5 bxa5 48.g4 Rb2+ 49.Kc6 Bh4 50.Re5 Bd8
51.Rd5 Ke7 52.Re5+ Kf7 53.Rd5 Ke7 54.Re5+ Kf7 55.Rd5 Ke7  1/2-1/2

[Event "30th NAO Open"]
[Site "Stillwater USA"]
[Date "2011.05.29"]
[Round "8.4"]
[White "Braunlich,T"]
[Black "Berry,Ja"]
[Result "1-0"]
[WhiteElo "2220"]
[BlackElo "2008"]

1.d4 Nf6 2.Bg5 Ne4 3.Bf4 d5 4.e3 g6 5.Bd3 Nd6 6.h4 h5 7.Be5 Rg8 8.Nc3 Nc4
9.Bxc4 dxc4 10.Qe2 Bg7 11.Bxg7 Rxg7 12.Qxc4 Nd7 13.O-O-O Nb6 14.Qb5+ c6 15.Qe5 f6
16.Qc5 Be6 17.Nge2 Nd7 18.Qa3 Bg8 19.d5 e5 20.dxe6 Bxe6 21.Nf4 Bg8 22.Ne4 Qc7
23.Rxd7 Rxd7 24.Nxf6+ Kf7 25.Nxd7 Qxd7 26.Rd1 Qf5 27.Qb3+  1-0

[Event "TCh-BUL GpA Men"]
[Site "Albena BUL"]
[Date "2011.06.02"]
[Round "1.4"]
[White "Kukov,V"]
[Black "Drenchev,P"]
[Result "1-0"]
[WhiteElo "2365"]
[BlackElo "2519"]

1.d4 Nf6 2.Bg5 Ne4 3.Bf4 c5 4.f3 Qa5+ 5.c3 Nf6 6.Nd2 cxd4 7.Nb3 Qb6 8.Qxd4 Nc6
9.Qxb6 axb6 10.Nd4 e5 11.Nxc6 exf4 12.Nd4 Bc5 13.e3 fxe3 14.Bb5 Bxd4 15.cxd4 Ke7
16.Ne2 d6 17.Nc3 Bd7 18.Bxd7 Kxd7 19.Ke2 Rhe8 20.Kd3 Ra5 21.Rae1 Nd5 22.Nxd5 Rxd5
23.Rxe3 Rxe3+ 24.Kxe3 Ra5 25.a3 Rb5 26.b4 Rh5 27.h3 b5 28.g4 Rh4 29.Kf4 Rh6
30.d5 Rf6+ 31.Ke3 g5 32.h4 Rh6 33.h5 Rf6 34.Rd1 Rf4 35.Rd4 Rxd4 36.Kxd4 f5
37.f4  1-0

[Event "18th Ratten Open"]
[Site "Ratten AUT"]
[Date "2011.06.03"]
[Round "3.1"]
[White "Kopinits,A"]
[Black "Handler,L"]
[Result "0-1"]
[WhiteElo "2258"]
[BlackElo "2281"]

1.d4 Nf6 2.Bg5 Ne4 3.Bf4 c5 4.f3 Qa5+ 5.c3 Nf6 6.Nd2 cxd4 7.Nb3 Qb6 8.Qxd4 Nc6
9.Qxb6 axb6 10.e4 d5 11.e5 Nd7 12.Bb5 Nc5 13.Nxc5 bxc5 14.c4 d4 15.Bxc6+ bxc6
16.Ne2 Bf5 17.Nc1 e6 18.Ke2 Be7 19.Nd3 Kd7 20.Bd2 Rhb8 21.b3 f6 22.Bf4 Rb7
23.Rhd1 Ra3 24.Nb2 fxe5 25.Bxe5 Bf6 26.Bxf6 gxf6 27.g4 Bg6 28.Na4 Kd6 29.Kf2 e5
30.Re1 Bf7 31.Rec1 Be6 32.h4 f5 33.gxf5 Bxf5 34.Rd1 Bg6 35.Nc3 Rba7 36.Ke2 e4
37.Nxe4+ Bxe4 38.fxe4 Rxa2+ 39.Rxa2 Rxa2+ 40.Kf3 Rb2 41.Kf4 Rxb3 42.Rg1 Rh3
43.Kg4 Rh2 44.Kg3 Rc2 45.Kf3 Rxc4 46.Rg7 Rc3+ 47.Kf4 Rc1 48.e5+ Ke6 49.Rxh7 Rf1+
50.Ke4 Re1+ 51.Kd3 Re3+ 52.Kd2 c4 53.Rg7 c3+ 54.Kc2 Rxe5 55.Kd3 c5 56.Kc4 c2
57.Rg1 Re3 58.Rc1 Rc3+  0-1

[Event "XX Guillermo Garcia Mem Elite"]
[Site "Santa Clara CUB"]
[Date "2011.06.04"]
[Round "14.1"]
[White "Otero Acosta,D"]
[Black "Guerra Mendez,J"]
[Result "1/2-1/2"]
[WhiteElo "2440"]
[BlackElo "2472"]

1.d4 Nf6 2.Bg5 Ne4 3.Bf4 c5 4.f3 Qa5+ 5.c3 Nf6 6.Nd2 cxd4 7.Nb3 Qd8 8.cxd4 e6
9.e4 Nc6 10.Ne2 d5 11.e5 Nd7 12.Nc3 Nb6 13.Bd3 Nc4 14.Qe2 Nb4 15.Bb1 a5 16.O-O Qb6
17.Qf2 Nc6 18.Bd3 a4 19.Bxc4 axb3 20.Bxb3 Qxd4 21.Be3 Qxe5 22.f4 Qb8 23.Nb5 Bd6
24.Bc5 Bxc5 25.Qxc5 Ra5 26.Bxd5 exd5 27.Rae1+ Be6 28.f5 Qa7 29.Nd6+ Ke7 30.Nc8+ Kd8
31.Qxa7 Nxa7 32.Nd6 Ra6 33.Nxb7+ Ke7 34.Nc5 Rb6 35.fxe6 fxe6 36.a4 d4 37.b4 Rd8
38.Rf3 Rd5 39.a5 Rc6 40.Ref1 Nb5 41.Rf7+ Ke8 42.Rf8+ Ke7 43.R8f7+ Ke8 44.Rxg7 d3
45.Rg8+ Ke7 46.Rg7+ Ke8 47.Rd1 Nc3 48.a6 Rdxc5 49.bxc5 Nxd1 50.a7 Ra6 51.c6 Kd8
52.Rd7+ Kc8 53.Rxd3 Rxa7 54.Rxd1 Rf7 55.Rd6 Re7 56.Rd3 Kc7 57.Rc3 Kd6 58.Kf2 Rc7
59.Ke3 Rxc6 60.Rxc6+ Kxc6 61.Ke4 Kd6 62.g4 h6 63.h4 Ke7 64.Ke5 Kf7 65.Kf4 Kf6
66.Ke4 Ke7  1/2-1/2

[Event "DJEM U18 w"]
[Site "Oberhof GER"]
[Date "2011.06.12"]
[Round "1.10"]
[White "Beier,N"]
[Black "Sonnhalter,S"]
[Result "0-1"]
[WhiteElo "1710"]
[BlackElo "1748"]

1.d4 Nf6 2.Bg5 Ne4 3.Bf4 c5 4.f3 Qa5+ 5.c3 Nf6 6.Nd2 cxd4 7.Nb3 Qd8 8.Nxd4 Nc6
9.Nxc6 bxc6 10.e4 g6 11.Be3 Bg7 12.Bc4 d5 13.Bb3 O-O 14.e5 Nd7 15.f4 f6 16.Bxd5+ cxd5
17.Qxd5+ Kh8 18.Qxa8 fxe5 19.O-O-O exf4 20.Bxa7 Qa5 21.Rxd7 Bxd7 22.Qb7 Bf5
23.Ne2 Qxa2 24.Rd1 f3 25.gxf3 Bh6+ 26.f4 e5 27.Bb8 Qb1+ 28.Kd2 Rd8+ 29.Nd4 Qc2+
30.Ke1 exd4 31.Be5+ Kg8 32.cxd4 Qe4+ 33.Qxe4 Bxe4 34.Rd2 Bg7 35.Ke2 Kf7 36.Ke3 Bb7
37.Rc2 Rd7 38.Rc7 Rxc7 39.Bxc7 Ke6 40.Be5 Bf6 41.b4 g5 42.fxg5 Bxg5+ 43.Ke2 Ba6+
44.Kf2 Bd2 45.Kf3 Bxb4 46.h4 Kf5 47.Bg7 Bb7+ 48.Kg3 h5 49.Be5 Ke4 50.Bf6 Bc3
51.Bg5 Bxd4 52.Be7 Be5+ 53.Kg2 Kf4+ 54.Kh3 Kf3 55.Bg5 Bc8+  0-1